| 000 | 00930nam0a2200289 4500 | ||
|---|---|---|---|
| 001 | RU\NLR\bibl\67748 | ||
| 005 | 20250616094011.0 | ||
| 010 |
_a5-88590-894-Х _926000 |
||
| 021 |
_aRU _b1999-34273 _91683 |
||
| 035 | _a(NLR Aleph) 000066098 | ||
| 090 |
_a362371 _c362371 |
||
| 100 | _a20000131d1999 |||y0rusy50 ca | ||
| 101 | 1 |
_arus _cpol |
|
| 102 | _aRU | ||
| 105 | _aa ||||||||| | ||
| 200 | 1 |
_aРекорды Земли _eЖивая природа _e[200 мировых рекордов] _f[Пер. с пол. Л.Б. Папилиной] |
|
| 210 |
_aСмоленск _cРусич _d1999 |
||
| 215 |
_a192 с. _cцв. ил., карт. _d20 |
||
| 606 | 0 |
_aБиология _9896131 _3RU\NLR\auth\664781 |
|
| 686 | _aЕ | ||
| 702 | 1 |
_aПапилина _bЛ. Б. _4730 |
|
| 801 | 0 |
_aRU _bNLR _c20000131 _gPSBO |
|
| 801 | 1 |
_aRU _bNLR _c20000131 |
|
| 852 |
_aNLR _j99-3/18185 |
||
| 942 | _cBOOK | ||
| 980 | _aNB | ||